| 000 | 00501nam a22001937a 4500 | ||
|---|---|---|---|
| 003 | CEME | ||
| 005 | 20210628203353.0 | ||
| 008 | 210126b xxu||||| |||| 00| 0 eng d | ||
| 020 | _a0-07-135985-0 | ||
| 040 | _c. | ||
| 082 | _a428.2 HER | ||
| 100 |
_aEhrlich, Eugene _965027 |
||
| 245 | _aTheory and problems of english grammar | ||
| 250 | _a3RD | ||
| 260 |
_aNEW YORK _bMCGRAW HILL _c2000 |
||
| 300 | _aXII,153P | ||
| 650 |
_aENGLISH LANGUAGE GRAMMAR.ENGLISH GRAMMER _965028 |
||
| 942 |
_cBK _2ddc |
||
| 999 |
_c573355 _d573355 |
||